Statistics for Harry Potter Quiz

Click here to take the quiz!

General Stats

  • This quiz has been taken 17 times
  • The average score is 5 of 15

Answer Stats

Hint Answer % Correct
Who is Harrys godfather?Sirius
86%
Which type of creepy crawly is Ron Weasley scared of?Spiders
64%
Who takes over as defence against the dark art teacher?Snape
57%
What is the name of dumbledores phoenix?Fawkes
50%
What do you destroy a horcrux with?The sword of Gryffindor
36%
What is Vernon's sister name?Marge
36%
What is the name of Rons Mum and DadMolly and Arthur
36%
What is snapes patronus?Doe
29%
Who leads the flying classes at hogwarts?Madam Hooch
29%
What is the gift that Harry has which enables him to speak and understand the language of snakesParseltongue
29%
What is the book that Hermione give before Harry first quidditch match?Quidditch Through The Ages
21%
What does Professor McGonagall teach?Transfiguration
21%
Scabber was who in his animagus formPeter Pettigrew
21%
What does Fakwes give to harry that saves his lfe about being poisons by the basilisksSorting Hat
14%
What breed is Hagrids pet dragon?Norweigian RidgeBack
7%

Score Distribution

Percentile by Number Answered

Percent of People with Each Score

Your Score History

You have not taken this quiz